000 005530000a22001690004500
003 MACL
005 20160422144521.0
008 160422b xxu||||| |||| 00| 0 eng d
040 _aMACL
_cMACL
041 _aHindi
082 _a800 SHO
100 _aरादुगा प्रकाशन
_953349
245 _aमिखाईल शोलोखीव
_bचुनी हुई रचनाएं
260 _bरादुगा प्रकाशन
_c1988
_aमास्‍को
650 _aLiterature
_953353
942 _cHIN
_k800/SHO/L
_2ddc
999 _c21153
_d21153